| 000 | 00521nam a2200145 a 4500 | ||
|---|---|---|---|
| 008 | 120416s1976 ||||||||||||||||| || u | ||
| 050 | _aQA 303 Bau | ||
| 100 | _aBaumslag, Gilbert | ||
| 245 | 1 | 0 | _aCalculus |
| 246 | _awith numerous examples and solved illustrated problems | ||
| 260 |
_aNew York _bQuantum Publishers _c1976 |
||
| 300 | _avi, 427p. : ill. | ||
| 350 | _a0.00 | ||
| 995 |
_D0.00 _FCBU-MAIN LIBRARY (Kitwe) _H1 _I0.00 _M1 _UAVAILABLE _WDec 7, 2007 _ZShort Loan Collection |
||
| 999 |
_c36586 _d36586 |
||